000 06913nam a22008177a 4500
008 090621t xxu||||| |||| 00| 0 eng d
082 _221
_a330.9
_bECO
245 _aThe economist/
260 _aLondon :
_bEconomist Newspaper Ltd.,
_c2008-
300 _av. :
_bill. ;
_c27 cm.
310 _aWeekly
650 0 _aEconomic history
_vPeriodicals
_96522
650 0 _aCommerce
_vPeriodicals
_96523
650 0 _aFinance
_vPeriodicals
_96524
650 0 _aSecurities
_vPeriodicals
_zGreat Britain
_96525
650 0 _aGreat Britain
_vPeriodicals
_xCommerce
_96526
942 _2ddc
_cJOURNAL
_s1
999 _c11915
_d11915